Statystyki dla Kogo to numer - zagraniczny rap #1

Kliknij tutaj aby rozwiązać quiz!

Ogólne statystyki

  • Ten quiz został rozwiązany 20 razy
  • Średni wynik to 5 z 10

Statystyki odpowiedzi

HintOdpowiedź% Poprawnych
No More Parties In LAKanye West
75%
3500Travis Scott
75%
ARE WE STILL FRIENDS?Tyler, The Creator
75%
GorgeousKanye West
55%
Sing About Me, I'm Dying Of ThirstKendrick Lamar
50%
GoldieA$AP Rocky
45%
PUFFIN ON ZOOTIEZFuture
45%
EmptyJuice WRLD
40%
RaindropsMetro Boomin, Travis Scott
35%
ExcitementTrippie Redd
10%

Rozkład punktacji

Percentyl według liczby udzielonych odpowiedzi

Procent ludzi z każdym wynikiem

Twoja historia wyników

Nie rozwiązałeś tego quizu